000 00345nam a2200145Ia 4500
008 221030s9999 xx 000 0 und d
020 _a8120340268
041 _aEnglish
100 _aM. V. Deshpande
245 0 _aElectrical Machines
_cby M. V. Deshpande
260 _bPHI
_aNew Delhi
_c2011
300 _a430
650 _aCivil
942 _cBK
999 _c14962
_d14962